00446nam a2200157Ia 4500100001900000650001600019942000700035366000700042245003200049260001600081082001100097300000800108546001200116999001700128952014300145 aDhaval Bathia  aMathematics cBK f20 aVedic Mathematics made easy bJaicoc2005 a511.33 a226 aENGLISH c23751d23751 001040708CRCaCRCEbCRCEd2023-03-17eAne Books Indiag100.00i220 dt 17/10/2008l0o511.33 p19084r2023-03-17v125.00w0000-00-00yBK